ბათუმის შოთა რუსთაველის სახელმწიფო უნივერსიტეტის ბიბლიოთეკა

Fundamentals of applied pathophysiology : (ბიბ.ჩანაწერი № 57708)

000 -LEADER
fixed length control field 00980cam a22002658i 4500
001 - CONTROL NUMBER
control field 19566025
005 - DATE AND TIME OF LATEST TRANSACTION
control field 20221105212320.0
008 - FIXED-LENGTH DATA ELEMENTS--GENERAL INFORMATION
fixed length control field 170321s2018 nju b 001 0 eng
010 ## - LIBRARY OF CONGRESS CONTROL NUMBER
LC control number 2017013384
020 ## - INTERNATIONAL STANDARD BOOK NUMBER
International Standard Book Number 9781119219477 (pbk.) 1
041 ## - LANGUAGE CODE
Language code of text/sound track or separate title eng
080 ## - UNIVERSAL DECIMAL CLASSIFICATION NUMBER
Universal Decimal Classification number 616-092 F-97
245 00 - TITLE STATEMENT
Title Fundamentals of applied pathophysiology :
Remainder of title an essential guide for nursing and healthcare students /
Statement of responsibility, etc. [edited by] Ian Peate.
250 ## - EDITION STATEMENT
Edition statement Third edition.
264 #1 - PRODUCTION, PUBLICATION, DISTRIBUTION, MANUFACTURE, AND COPYRIGHT NOTICE
Place of production, publication, distribution, manufacture Hoboken, NJ :
Name of producer, publisher, distributor, manufacturer Wiley,
Date of production, publication, distribution, manufacture, or copyright notice 2018.
300 ## - PHYSICAL DESCRIPTION
Extent 606 p. ;
Dimensions 25 cm.
504 ## - BIBLIOGRAPHY, ETC. NOTE
Bibliography, etc. note Includes bibliographical references and index.
650 12 - SUBJECT ADDED ENTRY--TOPICAL TERM
Topical term or geographic name entry element Pathologic Processes
9 (RLIN) 9561
650 22 - SUBJECT ADDED ENTRY--TOPICAL TERM
Topical term or geographic name entry element Nursing Care
General subdivision methods
9 (RLIN) 9562
650 22 - SUBJECT ADDED ENTRY--TOPICAL TERM
Topical term or geographic name entry element Physiological Phenomena
9 (RLIN) 9563
653 ## - INDEX TERM--UNCONTROLLED
keyword გამოყენებითი პათოფიზიოლოგიის საფუძვლები
653 ## - INDEX TERM--UNCONTROLLED
keyword მედიცინა
700 1# - ADDED ENTRY--PERSONAL NAME
Personal name Peate, Ian,
Relator term რედაქტორი
9 (RLIN) 9564
942 ## - ADDED ENTRY ELEMENTS (KOHA)
Source of classification or shelving scheme
Koha item type წიგნი
ეგზემპლარები
Withdrawn status Lost status Source of classification or shelving scheme Damaged status Not for loan Permanent Location Current Location Shelving location Date acquired Cost, normal purchase price Full call number Barcode Date last seen Copy number Price effective from Koha item type Public note
          ბათუმის შოთა რუსთაველის სახელმწიფო უნივერსიტეტის მთავარი ბიბლიოთეკა ბათუმის შოთა რუსთაველის სახელმწიფო უნივერსიტეტის მთავარი ბიბლიოთეკა წიგნსაცავი 2020-09-28 128.01 616-092 F-97 61034 2020-09-28 61034 2020-09-28 წიგნი 128 ლ. 01 თ.